000 00322nam a2200121Ia 4500
008 240731s9999 xx 000 0 und d
022 _a1537-4424
245 0 _aJournal of Clinical Child & Adolescent Psychology
260 _bRoutledge
856 _uhttps://www.tandfonline.com/loi/hcap20
942 _2ddc
942 _cTFEJ
999 _c77535
_d77535
945 _a1
_bMadushi Gamage
_c1
_dMadushi Gamage